Statistics for Where were they ?

Click here to take the quiz!

General Stats

  • This quiz has been taken 40 times
    (21 since last reset)
  • The average score is 9 of 16

Answer Stats

ArtistWhere were they% Correct
Charlie RichBehind Closed {Doors}
90%
BeatlesBack in the {USSR}
85%
U2Where The {Streets} Have No Name
85%
Big CountryEast of {Eden}
75%
Canned HeatOn the {Road} Again
75%
Marc CohnWalking in {Memphis}
70%
Elvis PresleyIn The {Ghetto}
55%
Village PeopleIn the {Navy}
55%
DriftersUnder The {Boardwalk}
50%
Danny & the JuniorsAt the {Hop}
45%
Dusty SpringfieldIn the Middle of {Nowhere}
45%
Bonnie TylerLost in {France}
45%
JamIn the {City}
35%
BanglesGoing Down to {Liverpool}
25%
Manhattan TransferOn a Little Street in {Singapore}
15%
Kirsty McCollWalking Down {Madison}
15%

Score Distribution

Percentile by Number Answered

Percent of People with Each Score

Your Score History

You have not taken this quiz since the last reset